000 00841nas a2200277 4500
001 BR2014001155
003 BR-BrBNA
005 20231205123735.0
007 ta
008 230509b bl.|||p| |||| 00| 00por d
040 _aBR-BrBNA
_bpor
_cBiblioteca Nacional de Agricultura
041 _a(Pt)
072 _aP10
100 1 _aPissara, T.C.T.
100 1 _aRodrigues, F.M.
100 1 _aGalbiatti, J.A.
100 1 _aCampos, S.
245 1 _aAnálise de condições hidrológicas em bacias hidrográficas com diferentes uso e ocupação do solo
650 _aUSO DA TERRA
650 _aRECURSO HÍDRICO
650 _aHIDROGRAFIA
650 _aMEIO AMBIENTE
773 0 _tIrriga (Brazil)
_xISSN 1808-3765
_g(Oct-Dec 2008), v. 13(4) p. 552-565
_wBR2014001155
909 _a202311
_bLúcia
_c55
_dLúcia Elande
942 _2AGRIS
_n0
_cANA
999 _c235461
_d235461